000 00662nam a2200205 i 4500
001 145739
003 ES-MaACL
005 20250602063232.0
007 t|
008 071016s1973 sp f ||||1| spa d
080 _a94(100)"1939/45"
100 1 _aVereiter, Karl von,
_d1918-1996
_9114070
245 1 0 _aHistoria de la Segunda Guerra Mundial /
_cKarl von Vereiter ; [versión E. Sánchez Pascual].
260 _aBarcelona :
_bPetronio,
_c[1973]
300 _a2 v., 32 lám. ;
_c21 cm.
650 1 4 _aGuerra mundial, 1939-1945.
_913228
700 1 _aSánchez Pascual, Enrique.
_9102835
852 _aES-MaACL
_jC-54799-800
999 _c145739
_d145739